Reaktivierung marktwirtschaftlicher Antriebskräfte in den entwickelten westlichen Industrieländern.

K úspechom západných priemyselných krajín prispeli strategicko-hospodárske akcie štátu a koncernov k reaktivizácii trhových a konkurenčných mechanizmov, ktoré sa stávajú regulačným faktorom a základnou bázou hospodárskopolitických hnacích síl. V štruktúrach koncernov došlo k podstatným zmenám práve...

Descripción completa

Guardado en:
Detalles Bibliográficos
Autor principal: Heise, K.-H
Formato: Capítulo de libro
Lenguaje:alemán
Materias:
Etiquetas: Agregar Etiqueta
Sin Etiquetas, Sea el primero en etiquetar este registro!

MARC

LEADER 00000naa a2200000 4500
001 r001818
005 20240618122425.5
041 0 |a ger 
044 |a DE 
245 1 0 |a Reaktivierung marktwirtschaftlicher Antriebskräfte in den entwickelten westlichen Industrieländern.  |c K.-H. Heise 
520 |a K úspechom západných priemyselných krajín prispeli strategicko-hospodárske akcie štátu a koncernov k reaktivizácii trhových a konkurenčných mechanizmov, ktoré sa stávajú regulačným faktorom a základnou bázou hospodárskopolitických hnacích síl. V štruktúrach koncernov došlo k podstatným zmenám práve v dôsledku konkurenčných požiadaviek. 
610 2 0 |a mechanizmus trhový 
610 2 0 |a koncerny 
610 2 0 |a štát 
610 2 0 |a konkurencia 
610 2 0 |a zmeny štruktúrne 
610 2 0 |a svet 
100 1 |a Heise, K.-H.